000 00459cam a2200193 4500
001 D7265
008 090401t1975 xxu||||| |||| 00| 0 eng d
035 _a(Sirsi) u6349
041 _aeng
050 _a333.33026
100 _aMurdoch, J. R.
245 4 _aThe law of estate agency and auctions
260 _aLondon
_bEstates Gazette
_c1975
300 _axxxi. 412p. 22cm
350 _a6
650 _aESTATE AGENCY
942 _n0
948 _c04/03/1997
999 _c86282
_d86282